| 000 | 00984nam a2200325Ia 4500 | ||
|---|---|---|---|
| 001 | Z_6396 | ||
| 003 | CHAP | ||
| 008 | 220113s9999 xx 000 0 und d | ||
| 010 | _a169652 | ||
| 020 | _a088-192-190-4 \ 978-088-192-190-0 | ||
| 040 | _cCHAP | ||
| 082 | _a636.084 G37 | ||
| 245 |
_aGrazing management : an ecological perspective / _ceditor Rodney k. heitschmidt y Jerry w. Stuth |
||
| 260 |
_aEstados Unidos de América : _bTimber Press, _c |
||
| 300 | _a259 p. | ||
| 503 | _aej.1: Impresión | ||
| 504 | _aIncluye bibliografía e índice | ||
| 650 |
_aEcología de praderas _9144640 |
||
| 650 |
_aMantenimiento de praderas _9144641 |
||
| 650 |
_aPastoreo _x _x Administración _9144642 |
||
| 650 |
_aPastoreo _x _x Aspectos ambientales _9144643 |
||
| 700 |
_a Stuth, Jerry W., ed. _9144644 |
||
| 700 |
_aHeitschmidt, Rodney Keith, ed. _9144645 |
||
| 901 | _a636.084 G37 | ||
| 902 | _aM | ||
| 910 | _a | ||
| 942 | _c1 | ||
| 942 | _cc1 | ||
| 999 |
_c169652 _d169652 |
||